[Event "Csaba Árpád emlékverseny rapid"]
[Site "Ajka"]
[Date "2017.07.22"]
[Round "4.2"]
[White "Aczel, Gergely"]
[Black "Csonka, Attila Istvan"]
[Result "1/2-1/2"]
[WhiteElo "2533"]
[BlackElo "2349"]
[PlyCount "91"]
[EventDate "2017.07.21"]
[EventType "swiss (rapid)"]
[EventRounds "9"]
[EventCountry "HUN"]
[WhiteClock "0:04:31"]
[BlackClock "0:13:22"]

1. d4 Nf6 2. c4 e6 3. Nc3 Bb4 4. Qc2 d5 5. a3 Bxc3+ 6. Qxc3 Ne4 7. Qc2 c5 8.
dxc5 Nc6 9. e3 Qa5+ 10. Bd2 Nxd2 11. Qxd2 dxc4 12. Bxc4 Qxc5 13. Rc1 Qg5 14. f4
Qh4+ 15. Qf2 Qxf2+ 16. Kxf2 Ke7 17. Nf3 Rd8 18. Rc2 Bd7 19. b4 Rac8 20. Rhc1
Nb8 21. Be2 Rxc2 22. Rxc2 Rc8 23. Rxc8 Bxc8 24. e4 b6 25. Ke3 Bb7 26. e5 Bxf3
27. Bxf3 Kd7 28. g4 Na6 29. Be2 Nc7 30. Bc4 Ke7 31. Kd4 Kf8 32. f5 Ke7 33. Ke4
g5 34. fxg6 fxg6 35. g5 Kf7 36. Kf4 Kg7 37. Kg4 Kf7 38. h4 Ne8 39. h5 Ng7 40.
h6 Ne8 41. Kf4 Nc7 42. Ke4 Kf8 43. Kd4 Kf7 44. a4 Ke7 45. a5 Kf7 46. Ke4
1/2-1/2

[Event "Csaba Árpád emlékverseny rapid"]
[Site "Ajka"]
[Date "2017.07.22"]
[Round "4.3"]
[White "Egresi, Mate"]
[Black "Ruck, Robert"]
[Result "1/2-1/2"]
[WhiteElo "2328"]
[BlackElo "2532"]
[PlyCount "189"]
[EventDate "2017.07.21"]
[EventType "swiss (rapid)"]
[EventRounds "9"]
[EventCountry "HUN"]
[WhiteClock "0:00:50"]
[BlackClock "0:00:21"]

1. d4 Nf6 2. c4 e6 3. Nf3 d5 4. Nc3 Bb4 5. Bg5 h6 6. Bxf6 Qxf6 7. e3 O-O 8. Rc1
dxc4 9. Bxc4 c5 10. dxc5 Bxc5 11. O-O Qe7 12. Qe2 Rd8 13. a3 Bd7 14. Rfd1 Nc6
15. b4 Bd6 16. Ne4 Be8 17. Nxd6 Rxd6 18. Rxd6 Qxd6 19. Rd1 Qe7 20. h3 Rc8 21.
Qa2 a5 22. b5 Nb8 23. Bf1 Nd7 24. Nd4 Nb6 25. Qa1 a4 26. Rc1 Rc5 27. Qb2 Qc7
28. Rxc5 Qxc5 29. Qc2 Qxc2 30. Nxc2 Kf8 31. e4 e5 32. Ne3 Bd7 33. Nc4 Nxc4 34.
Bxc4 b6 35. Kf1 Ke7 36. Ke1 f6 37. Kd2 Kd6 38. Kc3 Kc5 39. h4 g5 40. g3 Bxb5
41. Be6 Bc6 42. Bf5 b5 43. Bg6 Bd7 44. Bf7 Bg4 45. Bg8 Bh5 46. Be6 Bg6 47. Bd5
gxh4 48. gxh4 Bh7 49. Ba8 Bg8 50. Bb7 Be6 51. Ba8 Bc8 52. Bd5 Bd7 53. Bf7 f5
54. exf5 Bxf5 55. Bg8 Be4 56. Be6 Bd5 57. Bd7 Bc4 58. Be8 Be6 59. Bg6 b4+ 60.
axb4+ Kb6 61. Be8 a3 62. Ba4 a2 63. Kb2 Bc4 64. Be8 Kc7 65. Ba4 Kd6 66. Be8 Kd5
67. Bd7 Kd4 68. Be8 Bd5 69. Bd7 Kc4 70. Kxa2 Kxb4+ 71. Kb2 Kc4 72. Kc2 Kd4 73.
Kd2 Ke4 74. Ke2 Kf4 75. Ke1 Be4 76. Ke2 Bg6 77. Bc8 Bh5+ 78. Kd2 Kf3 79. Ke1
Bg4 80. Bb7+ Kf4 81. Kd2 Bf5 82. Bc6 h5 83. Bd5 Be4 84. Be6 Kf3 85. Ke1 Bc6 86.
Bc8 Kf4 87. Kd2 Be4 88. Bd7 Bf5 89. Bc6 Kg4 90. Ke3 Bg6 91. Bb7 Bf5 92. Bc6 Bh7
93. Bd5 Kxh4 94. f4 exf4+ 95. Kxf4 1/2-1/2

[Event "Csaba Árpád emlékverseny rapid"]
[Site "Ajka"]
[Date "2017.07.22"]
[Round "4.4"]
[White "Szitas, Gabor"]
[Black "Orosz, Andras"]
[Result "1/2-1/2"]
[WhiteElo "2061"]
[BlackElo "2321"]
[PlyCount "51"]
[EventDate "2017.07.21"]
[EventType "swiss (rapid)"]
[EventRounds "9"]
[EventCountry "HUN"]
[WhiteClock "0:02:43"]
[BlackClock "0:01:25"]

1. e4 e6 2. d4 d5 3. Nd2 Be7 4. Ngf3 Nf6 5. e5 Nfd7 6. Bd3 c5 7. c3 Nc6 8. O-O
g5 9. b4 cxb4 10. Bb2 h5 11. c4 Nb6 12. cxd5 exd5 13. Ne1 Be6 14. Nc2 Nc4 15.
Bc1 Qb6 16. Nb3 O-O-O 17. Be3 Kb8 18. Rb1 h4 19. a3 g4 20. Qe2 Nxa3 21. Nxa3
bxa3 22. Nc5 Bxc5 23. Rxb6 Bxb6 24. Ra1 Nxd4 25. Qd1 Rc8 26. Rxa3 1/2-1/2

[Event "Csaba Árpád emlékverseny rapid"]
[Site "Ajka"]
[Date "2017.07.22"]
[Round "4.5"]
[White "Palla, Gyorgy"]
[Black "Buzas, Bertalan"]
[Result "1/2-1/2"]
[WhiteElo "1973"]
[BlackElo "2171"]
[PlyCount "113"]
[EventDate "2017.07.21"]
[EventType "swiss (rapid)"]
[EventRounds "9"]
[EventCountry "HUN"]
[WhiteClock "0:11:42"]
[BlackClock "0:00:31"]

1. Nf3 Nf6 2. g3 d5 3. Bg2 e6 4. O-O Be7 5. d4 O-O 6. c4 c6 7. Bf4 Nbd7 8. Nbd2
Nh5 9. Be3 f5 10. cxd5 exd5 11. Nb3 f4 12. Bd2 Bd6 13. g4 Nhf6 14. h3 Ne4 15.
Rc1 h5 16. Nh2 Ndf6 17. f3 Nxd2 18. Qxd2 Re8 19. Rfe1 g5 20. Qd3 Kg7 21. e4
fxe3 22. Rxe3 Rxe3 23. Qxe3 Bf4 24. Qe1 Qd6 25. Nf1 Bxc1 26. Nxc1 Bd7 27. Qd2
Qf4 28. Qxf4 gxf4 29. Nd3 hxg4 30. fxg4 Re8 31. Nxf4 Re1 32. Bf3 Ne4 33. Nd3
Ra1 34. Kg2 c5 35. Bxe4 dxe4 36. Nxc5 Bc6 37. Ne3 Rxa2 38. Kg3 Rxb2 39. d5 Bxd5
40. Nxd5 Rb5 41. Nc7 Rb4 42. h4 a5 43. h5 e3 44. g5 e2 45. Kf2 Rh4 46. N5e6+
Kh7 47. g6+ Kh6 48. Kxe2 Rxh5 49. g7 Kh7 50. Kd3 b5 51. Ne8 Rf5 52. Ke4 Rf1 53.
Ke5 Rg1 54. Nf6+ Kh6 55. g8=Q Rxg8 56. Nxg8+ Kh5 57. Kd5 1/2-1/2

[Event "Csaba Árpád emlékverseny rapid"]
[Site "Ajka"]
[Date "2017.07.22"]
[Round "4.6"]
[White "Horvath, Csaba"]
[Black "Vass, Viktor"]
[Result "1-0"]
[WhiteElo "2497"]
[BlackElo "2274"]
[PlyCount "49"]
[EventDate "2017.07.21"]
[EventType "swiss (rapid)"]
[EventRounds "9"]
[EventCountry "HUN"]
[WhiteClock "0:06:19"]
[BlackClock "0:01:29"]

1. d4 d5 2. c4 e6 3. Nf3 Nf6 4. g3 Be7 5. Bg2 O-O 6. Qc2 c6 7. O-O Ne4 8. b3 f5
9. Ba3 Nd7 10. Bxe7 Qxe7 11. Nfd2 Nxd2 12. Nxd2 f4 13. Rae1 fxg3 14. hxg3 Nf6
15. e4 dxc4 16. Nxc4 Bd7 17. e5 Nd5 18. Nd6 Rab8 19. Be4 h6 20. f4 b6 21. Qg2
Kh8 22. Qh2 c5 23. f5 exf5 24. Bxd5 cxd4 25. Qh4 1-0

[Event "Csaba Árpád emlékverseny rapid"]
[Site "Ajka"]
[Date "2017.07.22"]
[Round "4.7"]
[White "Nemeth, Miklos"]
[Black "Szabo, Balazs"]
[Result "1-0"]
[WhiteElo "2472"]
[BlackElo "2254"]
[PlyCount "43"]
[EventDate "2017.07.21"]
[EventType "swiss (rapid)"]
[EventRounds "9"]
[EventCountry "HUN"]
[WhiteClock "0:10:59"]
[BlackClock "0:00:33"]

1. e4 e6 2. d4 d5 3. Nd2 a6 4. Ngf3 Nf6 5. e5 Nfd7 6. c4 c5 7. cxd5 exd5 8. Bd3
Nc6 9. O-O Be7 10. Re1 O-O 11. a3 cxd4 12. b4 f6 13. exf6 Bxf6 14. Bb2 Nde5 15.
Nxe5 Bxe5 16. g3 Qf6 17. f4 Bxf4 18. gxf4 Qxf4 19. Qh5 g6 20. Qxd5+ Kg7 21. Qg2
Bg4 22. Re4 1-0

[Event "Csaba Árpád emlékverseny rapid"]
[Site "Ajka"]
[Date "2017.07.22"]
[Round "4.8"]
[White "Margl, Roland"]
[Black "Szeberenyi, Adam"]
[Result "1/2-1/2"]
[WhiteElo "2222"]
[BlackElo "2378"]
[PlyCount "51"]
[EventDate "2017.07.21"]
[EventType "swiss (rapid)"]
[EventRounds "9"]
[EventCountry "HUN"]
[WhiteClock "0:05:42"]
[BlackClock "0:04:20"]

1. d4 Nf6 2. Nf3 g6 3. g3 Bg7 4. Bg2 d5 5. O-O O-O 6. c4 dxc4 7. Na3 c3 8. bxc3
c5 9. Bb2 Nc6 10. Nc4 Be6 11. Nfe5 Nxe5 12. Nxe5 Bd5 13. Qa4 Bxg2 14. Kxg2 b5
15. Qb3 Qd5+ 16. Qxd5 Nxd5 17. Nd7 cxd4 18. cxd4 Rfc8 19. Rac1 Rxc1 20. Rxc1
Rd8 21. Nc5 Nb6 22. e3 Nc4 23. Bc3 Rc8 24. Nb3 Nd6 25. Bb4 Rxc1 26. Nxc1
1/2-1/2

[Event "Csaba Árpád emlékverseny rapid"]
[Site "Ajka"]
[Date "2017.07.22"]
[Round "5.1"]
[White "Balog, Imre"]
[Black "Egresi, Mate"]
[Result "1/2-1/2"]
[WhiteElo "2537"]
[BlackElo "2328"]
[PlyCount "104"]
[EventDate "2017.07.21"]
[EventType "swiss (rapid)"]
[EventRounds "9"]
[EventCountry "HUN"]
[WhiteClock "0:18:25"]
[BlackClock "0:01:46"]

1. d4 d5 2. c4 e6 3. Nf3 Nf6 4. g3 dxc4 5. Qa4+ c6 6. Qxc4 b5 7. Qc2 Bb7 8. Bg2
Nbd7 9. O-O c5 10. a4 bxa4 11. Qxa4 Be7 12. dxc5 Bxc5 13. Bg5 O-O 14. Nbd2 h6
15. Bxf6 Nxf6 16. Rac1 Rc8 17. Nc4 Qe7 18. Na5 Bd5 19. Ne5 Qd6 20. Nac4 Bxc4
21. Nxc4 Qb8 22. e3 Qb4 23. Qa2 Bb6 24. Qa3 Rxc4 25. Rxc4 Qxc4 26. Bf3 Bc5 27.
Qa1 Rb8 28. Rc1 Qb4 29. Rc2 a5 30. Qa2 Bd6 31. Kg2 Be5 32. Rc4 Qb6 33. Rc6 Qb5
34. b3 Nd5 35. Qc2 g6 36. Rc5 Qxb3 37. Qxb3 Rxb3 38. e4 Bd4 39. Rc8+ Kg7 40.
exd5 Rb2 41. dxe6 Rxf2+ 42. Kh3 fxe6 43. Bg4 e5 44. Be6 h5 45. Rc7+ Kh6 46. Bd5
Rf6 47. Rc4 Rd6 48. Be4 Ra6 49. Bc2 Rb6 50. Kg2 Rf6 51. h4 Rf2+ 52. Kh3 Rf6
1/2-1/2

[Event "Csaba Árpád emlékverseny rapid"]
[Site "Ajka"]
[Date "2017.07.22"]
[Round "5.2"]
[White "Ruck, Robert"]
[Black "Aczel, Gergely"]
[Result "1-0"]
[WhiteElo "2532"]
[BlackElo "2533"]
[PlyCount "69"]
[EventDate "2017.07.21"]
[EventType "swiss (rapid)"]
[EventRounds "9"]
[EventCountry "HUN"]
[WhiteClock "0:02:02"]
[BlackClock "0:04:29"]

1. Nf3 Nf6 2. c4 c5 3. Nc3 b6 4. e4 d6 5. d4 cxd4 6. Nxd4 e6 7. g4 Bb7 8. Bg2
a6 9. O-O Qc7 10. Qe2 Nbd7 11. g5 Ng8 12. Bd2 g6 13. f4 Bg7 14. Be3 Rc8 15. f5
Bxd4 16. Bxd4 e5 17. Be3 Qxc4 18. Qf2 gxf5 19. Qxf5 Ne7 20. Qf2 O-O 21. Rad1
Nc5 22. Bxc5 bxc5 23. Rxd6 Ng6 24. Rfd1 Nf4 25. Rb6 Bc6 26. Rd6 Bb5 27. a4 Nxg2
28. Kxg2 Bxa4 29. Rh6 Rb8 30. Qf5 Rfd8 31. Qxh7+ Kf8 32. Qh8+ Ke7 33. Qf6+ Kd7
34. Qd6+ Kc8 35. Rxb8# 1-0

[Event "Csaba Árpád emlékverseny rapid"]
[Site "Ajka"]
[Date "2017.07.22"]
[Round "5.4"]
[White "Kozma, Karoly"]
[Black "Horvath, Csaba"]
[Result "1/2-1/2"]
[WhiteElo "2286"]
[BlackElo "2497"]
[PlyCount "142"]
[EventDate "2017.07.21"]
[EventType "swiss (rapid)"]
[EventRounds "9"]
[EventCountry "HUN"]
[WhiteClock "0:01:27"]
[BlackClock "0:00:27"]

1. d4 Nf6 2. Nf3 g6 3. Bg5 Bg7 4. Nbd2 O-O 5. e4 d5 6. Bd3 c5 7. e5 Nh5 8. O-O
cxd4 9. Re1 Nc6 10. Bb5 Qc7 11. Bxc6 bxc6 12. h3 f6 13. exf6 exf6 14. Bh4 c5
15. Nf1 Rb8 16. b3 Ba6 17. Qd2 Bxf1 18. Kxf1 g5 19. g4 gxh4 20. gxh5 f5 21. Re6
Qf7 22. Rae1 Qxh5 23. Qf4 Rb7 24. Nxh4 d3 25. cxd3 Rb4 26. Qf3 Qxh4 27. Re7 Kh8
28. Qg2 Qf6 29. Rxa7 Qg6 30. Qf3 Rd4 31. Ree7 Rg8 32. Qe3 h6 33. Re6 Qg5 34.
Rxg7 Kxg7 35. Re7+ Kh8 36. Qe5+ Rg7 37. Rxg7 Qxg7 38. Qxf5 Rb4 39. Qc8+ Qg8 40.
Qxc5 Rb7 41. Qd4+ Rg7 42. a4 Kh7 43. a5 Rg1+ 44. Ke2 Qe8+ 45. Qe3 Qh5+ 46. Kd2
Qd1+ 47. Kc3 Qa1+ 48. Kb4 Rg7 49. Qb6 d4 50. Qc6 Qe1+ 51. Ka4 Re7 52. Qf6 Qa1+
53. Kb5 Qa3 54. Qf5+ Kg7 55. Qg4+ Kf8 56. Qf5+ Kg8 57. Qg4+ Rg7 58. Qc8+ Kh7
59. Qf5+ Kh8 60. Qc8+ Rg8 61. Qe6 Qf8 62. Qe5+ Rg7 63. Qxd4 Qb8+ 64. Ka4 Qe8+
65. Ka3 Qb5 66. b4 Qc6 67. Qe4 Qc3+ 68. Ka4 Qc2+ 69. Ka3 Qc3+ 70. Ka4 Qc2+ 71.
Ka3 Qc3+ 1/2-1/2

[Event "Csaba Árpád emlékverseny rapid"]
[Site "Ajka"]
[Date "2017.07.22"]
[Round "5.5"]
[White "Buzas, Bertalan"]
[Black "Nemeth, Miklos"]
[Result "0-1"]
[WhiteElo "2171"]
[BlackElo "2472"]
[PlyCount "80"]
[EventDate "2017.07.21"]
[EventType "swiss (rapid)"]
[EventRounds "9"]
[EventCountry "HUN"]
[WhiteClock "0:03:53"]
[BlackClock "0:07:09"]

1. Nf3 Nf6 2. g3 b6 3. Bg2 Bb7 4. O-O e6 5. d4 Be7 6. c4 O-O 7. Nc3 Ne4 8. Bd2
d6 9. Rc1 Nd7 10. d5 Nxd2 11. Qxd2 e5 12. e4 a5 13. b3 Nc5 14. Qc2 Bc8 15. Ne1
Bg5 16. f4 exf4 17. gxf4 Bf6 18. Nd3 Bd4+ 19. Kh1 Bd7 20. Rce1 Qh4 21. Ne2 Bf6
22. Ng3 Rfe8 23. Qd2 a4 24. b4 Nxd3 25. Qxd3 a3 26. c5 bxc5 27. bxc5 Bb2 28. c6
Bc8 29. Rf3 Ba6 30. Qd2 Bc4 31. Nf5 Qf6 32. Rg3 g6 33. Nh6+ Kg7 34. e5 dxe5 35.
fxe5 Rxe5 36. Rf3 Qg5 37. Qxg5 Rxg5 38. Nxf7 Rxg2 39. Kxg2 Bxd5 40. Re7 Bxf3+
0-1

[Event "Csaba Árpád emlékverseny rapid"]
[Site "Ajka"]
[Date "2017.07.22"]
[Round "5.6"]
[White "Hardicsay, Peter"]
[Black "Dankhazi, Andras"]
[Result "1/2-1/2"]
[WhiteElo "2217"]
[BlackElo "2325"]
[PlyCount "49"]
[EventDate "2017.07.21"]
[EventType "swiss (rapid)"]
[EventRounds "9"]
[EventCountry "HUN"]
[WhiteClock "0:03:03"]
[BlackClock "0:04:29"]

1. c4 e5 2. Nc3 Bb4 3. Nd5 Bc5 4. e3 c6 5. Nc3 Qe7 6. Nf3 d6 7. a3 e4 8. Nd4
Nf6 9. Be2 O-O 10. O-O Nbd7 11. Nf5 Qe6 12. Ng3 Bb6 13. Qc2 d5 14. cxd5 cxd5
15. d3 exd3 16. Bxd3 g6 17. Na4 Qc6 18. Bd2 Qxc2 19. Bxc2 Bc7 20. Rac1 Be5 21.
Nc3 a6 22. Rb1 d4 23. Nce2 dxe3 24. Bxe3 b5 25. Rfd1 1/2-1/2

[Event "Csaba Árpád emlékverseny rapid"]
[Site "Ajka"]
[Date "2017.07.22"]
[Round "5.7"]
[White "Orosz, Andras"]
[Black "Palla, Gyorgy"]
[Result "1-0"]
[WhiteElo "2321"]
[BlackElo "1973"]
[PlyCount "60"]
[EventDate "2017.07.21"]
[EventType "swiss (rapid)"]
[EventRounds "9"]
[EventCountry "HUN"]
[WhiteClock "0:05:21"]
[BlackClock "0:11:48"]

1. e4 c5 2. Nf3 d6 3. d4 cxd4 4. Nxd4 Nf6 5. Nc3 a6 6. Bg5 e6 7. f4 Be7 8. Qf3
Qc7 9. O-O-O b5 10. e5 Bb7 11. Qg3 dxe5 12. fxe5 Nh5 13. Qh4 g6 14. Bxb5+ axb5
15. Ndxb5 Bxg5+ 16. Qxg5 Qe7 17. Nd6+ Kf8 18. Qh6+ Kg8 19. Rhf1 f5 20. exf6
Nxf6 21. Nxb7 Nbd7 22. Nd6 Qg7 23. Qe3 Qe7 24. Rfe1 e5 25. Qf3 Rf8 26. Nd5 Qxd6
27. Nxf6+ Qxf6 28. Rxd7 Qg5+ 29. Qe3 Qg4 30. Qb3+ Rf7 1-0

[Event "Csaba Árpád emlékverseny rapid"]
[Site "Ajka"]
[Date "2017.07.22"]
[Round "5.8"]
[White "Szelenyi, Norbert"]
[Black "Szitas, Gabor"]
[Result "1-0"]
[WhiteElo "2302"]
[BlackElo "2061"]
[PlyCount "69"]
[EventDate "2017.07.21"]
[EventType "swiss (rapid)"]
[EventRounds "9"]
[EventCountry "HUN"]
[WhiteClock "0:04:07"]
[BlackClock "0:00:42"]

1. c4 e5 2. Nc3 Nc6 3. g3 Bc5 4. Bg2 a6 5. a3 d6 6. e3 Ba7 7. Nge2 Nf6 8. h3
O-O 9. O-O Be6 10. Nd5 Rb8 11. b4 Nd7 12. Bb2 Ne7 13. d4 exd4 14. Nxd4 Bxd5 15.
cxd5 Nb6 16. Qb3 Qd7 17. Rac1 Rfc8 18. Rfd1 c5 19. dxc6 bxc6 20. Qd3 d5 21. Nb3
Na4 22. Ba1 Qb7 23. Bf1 Qb5 24. Qc2 Qb7 25. Na5 Qd7 26. Qxa4 Qd6 27. Bd4 Bxd4
28. exd4 g6 29. Bxa6 Rc7 30. Bd3 Qe6 31. Kg2 f5 32. Qc2 f4 33. Qe2 Qf7 34. Re1
Rf8 35. Qe6 1-0

[Event "Csaba Árpád emlékverseny rapid"]
[Site "Ajka"]
[Date "2017.07.22"]
[Round "6.1"]
[White "Balog, Imre"]
[Black "Ruck, Robert"]
[Result "1-0"]
[WhiteElo "2537"]
[BlackElo "2532"]
[PlyCount "59"]
[EventDate "2017.07.21"]
[EventType "swiss (rapid)"]
[EventRounds "9"]
[EventCountry "HUN"]
[WhiteClock "0:12:22"]
[BlackClock "0:02:25"]

1. d4 Nf6 2. Bg5 d5 3. Nf3 Nbd7 4. e3 c5 5. dxc5 e6 6. c4 dxc4 7. c6 bxc6 8.
Bxc4 Qa5+ 9. Nbd2 Ne4 10. Bf4 Nb6 11. O-O Nxd2 12. Nxd2 Be7 13. Nb3 Qa4 14. Bd3
O-O 15. Bc2 Qb4 16. Be5 Nd5 17. e4 Nf6 18. Bc3 Qb5 19. Qf3 Qh5 20. Qg3 Ba6 21.
Rfd1 Rac8 22. Rd7 Qe2 23. Rxe7 Nh5 24. Qf3 Qxc2 25. Qxh5 Rcd8 26. h3 Qxe4 27.
Nc5 Be2 28. Rxf7 Bxh5 29. Rxg7+ Kh8 30. Nxe4 1-0

[Event "Csaba Árpád emlékverseny rapid"]
[Site "Ajka"]
[Date "2017.07.22"]
[Round "6.2"]
[White "Egresi, Mate"]
[Black "Bokros, Albert"]
[Result "0-1"]
[WhiteElo "2328"]
[BlackElo "2486"]
[PlyCount "221"]
[EventDate "2017.07.21"]
[EventType "swiss (rapid)"]
[EventRounds "9"]
[EventCountry "HUN"]
[WhiteClock "0:00:21"]
[BlackClock "0:01:52"]

1. d4 e6 2. c4 b6 3. Nf3 Bb7 4. g3 Bb4+ 5. Bd2 Bxf3 6. exf3 Bxd2+ 7. Qxd2 d5 8.
Nc3 Ne7 9. cxd5 exd5 10. Bd3 O-O 11. O-O c6 12. Rac1 Qd6 13. Bb1 Nd7 14. Rfe1
Rfe8 15. Qc2 Nf6 16. Qa4 a5 17. a3 Kf8 18. Ne2 Rac8 19. Nf4 c5 20. dxc5 Rxc5
21. Nd3 Rxc1 22. Rxc1 g6 23. Qb5 Kg7 24. Kg2 h5 25. h4 Rc8 26. Rxc8 Nxc8 27.
Ba2 Ne7 28. b4 axb4 29. Qxb4 Qxb4 30. Nxb4 Kf8 31. Kf1 Ke8 32. Ke2 Kd7 33. Kd3
Kd6 34. Bb3 Nd7 35. Bc2 Ne5+ 36. Ke2 Nc4 37. a4 Kc5 38. Na2 Kd4 39. Bb1 Nc6 40.
f4 Nb2 41. f5 gxf5 42. Bxf5 Kc4 43. Bd7 Ne5 44. Bb5+ Kb3 45. Nc1+ Kc2 46. Na2
d4 47. Nb4+ Kb3 48. Nc6 Nxc6 49. Bxc6 Kc3 50. Bf3 Nxa4 51. g4 hxg4 52. Bxg4 Nc5
53. h5 d3+ 54. Ke3 Ne6 55. Bxe6 fxe6 56. h6 d2 57. h7 d1=Q 58. h8=Q+ Kb3 59.
Qb8 Qc1+ 60. Ke4 Qc4+ 61. Ke5 Qd5+ 62. Kf6 b5 63. f4 Kc4 64. Qc7+ Kd3 65. Qc1
b4 66. Qd1+ Kc4 67. Qc2+ Kb5 68. Qc7 b3 69. Qb8+ Kc4 70. Qc7+ Kd3 71. Qc1 Ke4
72. Ke7 Kf5 73. Qe3 Qb7+ 74. Ke8 Qb5+ 75. Kf7 Qd7+ 76. Kf8 Qb5 77. Kf7 Qd5 78.
Kf8 Qd8+ 79. Kf7 Qf6+ 80. Ke8 b2 81. Qd3+ Kxf4 82. Qf1+ Ke5 83. Qb5+ Ke4 84.
Qe2+ Kf5 85. Qc2+ Kg5 86. Qg2+ Kh6 87. Qd2+ Kg7 88. Qd7+ Kh8 89. Qd3 Qf2 90.
Ke7 Kg7 91. Qc3+ Kg6 92. Qd3+ Kg5 93. Qb5+ Kf4 94. Qc4+ Kg3 95. Qb3+ Kg2 96.
Qb7+ Kg1 97. Qb4 Qe2 98. Qd4+ Kf1 99. Qf4+ Ke1 100. Qb4+ Kd1 101. Qb3+ Kc1 102.
Qc3+ Kb1 103. Qb4 e5 104. Ke6 e4 105. Ke5 e3 106. Qe4+ Kc1 107. Qc6+ Qc2 108.
Qh1+ Kd2 109. Qg2+ e2 110. Qg5+ Kd1 111. Qc1+ 0-1

[Event "Csaba Árpád emlékverseny rapid"]
[Site "Ajka"]
[Date "2017.07.22"]
[Round "6.3"]
[White "Nemeth, Miklos"]
[Black "Orosz, Andras"]
[Result "1-0"]
[WhiteElo "2472"]
[BlackElo "2321"]
[PlyCount "63"]
[EventDate "2017.07.21"]
[EventType "swiss (rapid)"]
[EventRounds "9"]
[EventCountry "HUN"]
[WhiteClock "0:01:47"]
[BlackClock "0:00:24"]

1. e4 g6 2. d4 Bg7 3. Nc3 c6 4. Nf3 d5 5. h3 Nf6 6. e5 Ne4 7. Bd3 Nxc3 8. bxc3
c5 9. O-O Qa5 10. c4 dxc4 11. Bxc4 cxd4 12. Qxd4 Nc6 13. Qf4 O-O 14. Bd2 Qc5
15. Rfe1 Be6 16. Bxe6 fxe6 17. Qg4 Rf5 18. Rab1 Nxe5 19. Nxe5 Qxf2+ 20. Kh1
Bxe5 21. Be3 Qxc2 22. Rxb7 Bd6 23. Rxa7 Raf8 24. Bg1 R8f6 25. Ra8+ Kf7 26. Qh4
h5 27. Ra4 Rf1 28. Rae4 Bc5 29. Rxf1 Rxf1 30. Rf4+ Qf5 31. Rxf5+ exf5 32. Qc4+
1-0

[Event "Csaba Árpád emlékverseny rapid"]
[Site "Ajka"]
[Date "2017.07.22"]
[Round "6.4"]
[White "Csonka, Attila Istvan"]
[Black "Szelenyi, Norbert"]
[Result "1-0"]
[WhiteElo "2349"]
[BlackElo "2302"]
[PlyCount "54"]
[EventDate "2017.07.21"]
[EventType "swiss (rapid)"]
[EventRounds "9"]
[EventCountry "HUN"]
[WhiteClock "0:04:31"]
[BlackClock "0:00:17"]

1. e4 e6 2. d4 d5 3. Nd2 Be7 4. Bd3 c5 5. dxc5 Nf6 6. Qe2 O-O 7. Ngf3 Bxc5 8.
e5 Nfd7 9. Nb3 Be7 10. h4 f5 11. Bf4 Nc6 12. c3 Nc5 13. Nxc5 Bxc5 14. Ng5 h6
15. Nf3 Bd7 16. Rh3 Qe8 17. Qd2 Qf7 18. h5 Kh8 19. Nh4 Ne7 20. Ng6+ Nxg6 21.
hxg6 Qe7 22. Bxh6 Kg8 23. Bf4 Be8 24. Rg3 Qh4 25. O-O-O Qh5 26. Be2 Qh2 27. Bf3
Rc8 1-0

[Event "Csaba Árpád emlékverseny rapid"]
[Site "Ajka"]
[Date "2017.07.22"]
[Round "6.5"]
[White "Aczel, Gergely"]
[Black "Margl, Roland"]
[Result "1-0"]
[WhiteElo "2533"]
[BlackElo "2222"]
[PlyCount "101"]
[EventDate "2017.07.21"]
[EventType "swiss (rapid)"]
[EventRounds "9"]
[EventCountry "HUN"]
[WhiteClock "0:01:01"]
[BlackClock "0:00:36"]

1. d4 Nf6 2. c4 e6 3. Nc3 d5 4. cxd5 Nxd5 5. e4 Nxc3 6. bxc3 c5 7. Rb1 Be7 8.
Nf3 O-O 9. Be3 cxd4 10. cxd4 b6 11. Bd3 Bb7 12. O-O Nc6 13. Qd2 Rc8 14. Rfc1 h6
15. h3 a5 16. d5 Nb4 17. Rxc8 Qxc8 18. Bxb6 exd5 19. e5 Nxd3 20. Qxd3 Qa8 21.
Nd4 Bc8 22. Qb5 a4 23. Bc5 Ba6 24. Qb4 Bxc5 25. Qxc5 Rc8 26. Qe7 Re8 27. Qd6
Bd3 28. Re1 a3 29. Re3 Bg6 30. Rxa3 Qb7 31. e6 fxe6 32. Rg3 Bf7 33. Qe5 g6 34.
a4 Kh7 35. Nb5 Qb8 36. Qf6 Rf8 37. Rf3 Kg8 38. h4 Qd8 39. Qf4 Kg7 40. Nd6 Bg8
41. Qxf8+ Qxf8 42. Rxf8 Kxf8 43. a5 e5 44. a6 d4 45. a7 Bd5 46. Nc4 d3 47. Kf1
Ke7 48. Nb6 Bxg2+ 49. Kxg2 d2 50. Nd5+ Kd6 51. Ne3 1-0

[Event "Csaba Árpád emlékverseny rapid"]
[Site "Ajka"]
[Date "2017.07.22"]
[Round "6.6"]
[White "Horvath, Csaba"]
[Black "Hardicsay, Peter"]
[Result "1-0"]
[WhiteElo "2497"]
[BlackElo "2217"]
[PlyCount "123"]
[EventDate "2017.07.21"]
[EventType "swiss (rapid)"]
[EventRounds "9"]
[EventCountry "HUN"]
[WhiteClock "0:02:02"]
[BlackClock "0:00:13"]

1. Nf3 c5 2. c4 b6 3. d4 cxd4 4. Nxd4 Bb7 5. Nc3 Nf6 6. f3 d6 7. e4 g6 8. Be2
Bg7 9. O-O O-O 10. Be3 Nbd7 11. Qd2 Re8 12. Rfd1 Rc8 13. Bf1 a6 14. Rac1 Qc7
15. Kh1 Qb8 16. b3 Ba8 17. Bh6 Bh8 18. Nf5 Ne5 19. Ne3 Bc6 20. a4 a5 21. Nb5
Ned7 22. Nd4 Nc5 23. Nxc6 Rxc6 24. Rb1 Rc7 25. Nc2 Qc8 26. Nd4 Nfd7 27. Nb5 Rb7
28. Qe1 Ne5 29. Bg5 Bg7 30. Qh4 Ne6 31. Be3 Nc6 32. Be2 Nc5 33. Qf2 Nb4 34. Bd4
Bxd4 35. Qxd4 Ne6 36. Qd2 Qc5 37. f4 Qf2 38. Rf1 Qh4 39. g3 Qh6 40. Bf3 Rbb8
41. Bg2 Nc5 42. Qe3 Rbd8 43. Rbd1 Rf8 44. Rd2 Rc8 45. Nd4 Rcd8 46. Rfd1 Rc8 47.
e5 dxe5 48. Qxe5 e6 49. Qe3 Qg7 50. Nb5 h6 51. Rd6 Rb8 52. h3 g5 53. Kh2 g4 54.
hxg4 Qxg4 55. Bh3 Qg7 56. Nd4 Rbd8 57. Nf3 Rxd6 58. Rxd6 Qb2+ 59. Nd2 Qc1 60.
f5 Re8 61. f6 Qd1 62. Qxh6 1-0

[Event "Csaba Árpád emlékverseny rapid"]
[Site "Ajka"]
[Date "2017.07.22"]
[Round "6.8"]
[White "Dankhazi, Andras"]
[Black "Szalanczy, Emil"]
[Result "1-0"]
[WhiteElo "2325"]
[BlackElo "2188"]
[PlyCount "95"]
[EventDate "2017.07.21"]
[EventType "swiss (rapid)"]
[EventRounds "9"]
[EventCountry "HUN"]
[WhiteClock "0:08:23"]
[BlackClock "0:02:51"]

1. d4 Nf6 2. Bg5 e6 3. e4 c5 4. d5 h6 5. Bxf6 Qxf6 6. Nc3 a6 7. a4 d6 8. Nf3
Nd7 9. Be2 Be7 10. O-O b6 11. Nd2 Rb8 12. dxe6 fxe6 13. Nc4 O-O 14. Nxd6 Bxd6
15. Qxd6 Qe5 16. Rad1 Qxd6 17. Rxd6 Ne5 18. f4 Nf7 19. Rd2 Nd8 20. Nd1 Nc6 21.
c3 Bb7 22. Ne3 Na5 23. e5 Rbd8 24. Rxd8 Rxd8 25. Rd1 Rxd1+ 26. Bxd1 Kf7 27. Kf2
b5 28. axb5 axb5 29. b4 cxb4 30. cxb4 Nc6 31. Bf3 Ke7 32. Bxc6 Bxc6 33. g3 Be4
34. Nd1 Bd3 35. Ke3 Bf1 36. Kd4 Kf7 37. Ne3 Be2 38. Kc5 g5 39. Kd6 Bc4 40. fxg5
hxg5 41. h4 gxh4 42. gxh4 Kg6 43. Nc2 Kh5 44. Nd4 Kxh4 45. Nxe6 Kg4 46. Nc7 Kf4
47. e6 Ke4 48. Kc5 {Kd5+} 1-0